<?xml version="1.0" encoding="UTF-8"?>
<collection xmlns="http://www.loc.gov/MARC21/slim">
<record>
  <controlfield tag="001">153144</controlfield>
  <controlfield tag="005">20260411074526.0</controlfield>
  <datafield tag="024" ind1="7" ind2=" ">
    <subfield code="2">doi</subfield>
    <subfield code="a">10.1007/s10368-025-00657-9</subfield>
  </datafield>
  <datafield tag="024" ind1="8" ind2=" ">
    <subfield code="2">sideral</subfield>
    <subfield code="a">143574</subfield>
  </datafield>
  <datafield tag="037" ind1=" " ind2=" ">
    <subfield code="a">ART-2025-143574</subfield>
  </datafield>
  <datafield tag="041" ind1=" " ind2=" ">
    <subfield code="a">eng</subfield>
  </datafield>
  <datafield tag="100" ind1=" " ind2=" ">
    <subfield code="0">(orcid)0000-0002-8816-5816</subfield>
    <subfield code="a">Peña, Guillermo</subfield>
    <subfield code="u">Universidad de Zaragoza</subfield>
  </datafield>
  <datafield tag="245" ind1=" " ind2=" ">
    <subfield code="a">Adopting the euro does not work without political integration</subfield>
  </datafield>
  <datafield tag="260" ind1=" " ind2=" ">
    <subfield code="c">2025</subfield>
  </datafield>
  <datafield tag="506" ind1="0" ind2=" ">
    <subfield code="a">Access copy available to the general public</subfield>
    <subfield code="f">Unrestricted</subfield>
  </datafield>
  <datafield tag="520" ind1="3" ind2=" ">
    <subfield code="a">A new empirical exercise for dealing the effects of monetary unions on welfare is developed. The estimates of the effects of adopting the euro using a sample of 216 countries for the 1960–2021 period apply a novel multiple-period differences-in-differences approach. They show a significant and robust negative effect on economic growth of adopting the euro, mainly for the countries with the highest income inequality.</subfield>
  </datafield>
  <datafield tag="536" ind1=" " ind2=" ">
    <subfield code="9">info:eu-repo/grantAgreement/ES/DGA/S15-24</subfield>
    <subfield code="9">info:eu-repo/grantAgreement/ES/DGA/S39-23R</subfield>
    <subfield code="9">info:eu-repo/grantAgreement/ES/MICINN/PID2020-112773GB-I00</subfield>
    <subfield code="9">info:eu-repo/grantAgreement/ES/UZ/JIUZ2022-CSJ-19</subfield>
  </datafield>
  <datafield tag="540" ind1=" " ind2=" ">
    <subfield code="9">info:eu-repo/semantics/openAccess</subfield>
    <subfield code="a">by-nc-nd</subfield>
    <subfield code="u">https://creativecommons.org/licenses/by-nc-nd/4.0/deed.es</subfield>
  </datafield>
  <datafield tag="655" ind1=" " ind2="4">
    <subfield code="a">info:eu-repo/semantics/article</subfield>
    <subfield code="v">info:eu-repo/semantics/acceptedVersion</subfield>
  </datafield>
  <datafield tag="710" ind1="2" ind2=" ">
    <subfield code="1">4000</subfield>
    <subfield code="2">415</subfield>
    <subfield code="a">Universidad de Zaragoza</subfield>
    <subfield code="b">Dpto. Análisis Económico</subfield>
    <subfield code="c">Área Fund. Análisis Económico</subfield>
  </datafield>
  <datafield tag="773" ind1=" " ind2=" ">
    <subfield code="g">22, 30 (2025), [21 pp.]</subfield>
    <subfield code="t">International Economics and Economic Policy</subfield>
    <subfield code="x">1612-4804</subfield>
  </datafield>
  <datafield tag="856" ind1="4" ind2=" ">
    <subfield code="s">1002415</subfield>
    <subfield code="u">http://zaguan.unizar.es/record/153144/files/texto_completo.pdf</subfield>
    <subfield code="y">Postprint</subfield>
    <subfield code="z">info:eu-repo/date/embargoEnd/2026-04-02</subfield>
  </datafield>
  <datafield tag="856" ind1="4" ind2=" ">
    <subfield code="s">1254721</subfield>
    <subfield code="u">http://zaguan.unizar.es/record/153144/files/texto_completo.jpg?subformat=icon</subfield>
    <subfield code="x">icon</subfield>
    <subfield code="y">Postprint</subfield>
    <subfield code="z">info:eu-repo/date/embargoEnd/2026-04-02</subfield>
  </datafield>
  <datafield tag="909" ind1="C" ind2="O">
    <subfield code="o">oai:zaguan.unizar.es:153144</subfield>
    <subfield code="p">articulos</subfield>
    <subfield code="p">driver</subfield>
  </datafield>
  <datafield tag="951" ind1=" " ind2=" ">
    <subfield code="a">2026-04-10-13:53:50</subfield>
  </datafield>
  <datafield tag="980" ind1=" " ind2=" ">
    <subfield code="a">ARTICLE</subfield>
  </datafield>
</record>
</collection>